Music Quiz

Random Music or Country Quiz

Name those country lyrics Quiz Stats

 Plays Quiz not verified by Sporcle

Score 0/20 Timer 10:00
0 Plays Today
Hint Answer % Correct
Male Country ArtistCop Car
87.5%
Male Country ArtistBottoms Up
65.6%
Male Country ArtistWhatever shes got
62.5%
Female Country ArtistBlown Away
56.3%
Male Country ArtistDoin' What She Likes
53.1%
Male Country ArtistRewind
50%
Male Country ArtistDrink to That All Night
46.9%
Male Country ArtistReady Set Roll
43.8%
Male Country ArtistHelluva Life
40.6%
Female Country ArtistI Knew You Were Trouble
40.6%
Hint Answer % Correct
Female Country ArtistDone
40.6%
Male Country ArtistWhen She Says Baby
37.5%
Female Country ArtistWasting All These Tears
37.5%
Male Country ArtistGoodnight Kiss
34.4%
Female Country ArtistAll Kinds of Kinds
31.3%
Female Country ArtistGoodbye Town
31.3%
Female Country ArtistSlow Me Down
25%
Female Country ArtistFamous
15.6%
Female Country ArtistHell On Heels
15.6%
Female Country ArtistDon't Put Dirt On My Grave Just Yet
6.3%

You're not logged in!

Compare scores with friends on all Sporcle quizzes.
OR
Log In

Show Comments

Extras

Created Mar 7, 2014ReportNominate
Tags:Country Quiz

Top Quizzes Today


Score Distribution

Your Account Isn't Verified!

In order to create a playlist on Sporcle, you need to verify the email address you used during registration. Go to your Sporcle Settings to finish the process.

Report this User

Report this user for behavior that violates our Community Guidelines.

Details: